Statistiques concernant Clubs de foot européens par emojis

Cliquez ici pour prendre le quiz!

Statistiques générales

  • Ce quiz a été pris 311 fois
  • Le résultat moyen est 16 sur 20

Statistiques - réponses

HintRéponse% Correct
💙🤍Ⓜ️🇫🇷Olympique de Marseille
92%
💛💚🐥🇫🇷FC Nantes
90%
💜💜⚜️🇮🇹Fiorentina
87%
🖤🤍👵🇮🇹Juventus
86%
💚🤍☘️🏴󠁧󠁢󠁳󠁣󠁴󠁿Celtic Glasgow
85%
💙🤍🐲🇵🇹FC Porto
85%
❤️💛🐺🇮🇹AS Rome
83%
❤️🤍🐻🌳🇪🇸Atlético de Madrid
83%
💚🤍🔽🇪🇸Betis Séville
83%
💛💙👑🇧🇪Union Saint-Gilloise
82%
🖤🤍🦅🇹🇷Beşiktaş
80%
❤️🤍💙🐶🇫🇷LOSC Lille
80%
💛🖤🐺🏴󠁧󠁢󠁥󠁮󠁧󠁿Wolverhampton Wanderers
80%
💙🤍0️⃣4️⃣🇩🇪FC Schalke
79%
❤️🤍🏳️🇳🇱PSV
79%
❤️🤍🖤😈🏴󠁧󠁢󠁥󠁮󠁧󠁿Manchester United
75%
💙🤍🦊🏴󠁧󠁢󠁥󠁮󠁧󠁿Leicester City
74%
🖤🤍🦢🏴󠁧󠁢󠁷󠁬󠁳󠁿Swansea City
74%
❤️🤍🐐🇩🇪FC Cologne
69%
❤️🤍🐂🇦🇹Red Bull Salzbourg
66%

Distribution des résultats

Percentile par nombre de réponses

% des personnes avec chaque résultat

Votre développement - résultats

Vous n’avez pas pris ce quiz